La péché de Monsieur Antoine / (Record no. 164680)

MARC details
000 -LEADER
campo de control de longitud fija 00876nam a2200241 i 4500
001 - NÚMERO DE CONTROL
campo de control 164680
003 - IDENTIFICADOR DE NÚMERO DE CONTROL
campo de control ES-MaACL
005 - FECHA Y HORA DE LA ÚLTIMA TRANSACCIÓN
campo de control 20250714080908.0
008 - DATOS DE LONGITUD FIJA--INFORMACIÓN GENERAL
campo de control de longitud fija 050804s1857 fr | |||||||| ||fre d
040 ## - FUENTE DE CATALOGACIÓN
Centro catalogador/agencia de origen CAM
Lengua de catalogación spa
Centro/agencia transcriptor CAM
100 1# - ENTRADA PRINCIPAL--NOMBRE DE PERSONA
Nombre de persona Sand, George,
Fechas asociadas al nombre 1804-1876
9 (RLIN) 103060
245 13 - MENCIÓN DEL TÍTULO
Título La péché de Monsieur Antoine /
Mención de responsabilidad, etc. par George Sand.
250 ## - MENCION DE EDICION
Mención de edición Nouvelle éd.
260 ## - PUBLICACIÓN, DISTRIBUCIÓN, ETC.
Lugar de publicación, distribución, etc. Paris :
Nombre del editor, distribuidor, etc. Michel Lévy frères libraires-éditeurs,
Fecha de publicación, distribución, etc. 1857 (
Fabricante Typ. de M\pme\s V\pe\s Dondey-Dupré)
300 ## - DESCRIPCIÓN FÍSICA
Extensión 2 v. (320; 284 p.) ;
Dimensiones 18 cm.
490 1# - MENCIÓN DE SERIE
Mención de serie Collection Michel Lévy
490 1# - MENCIÓN DE SERIE
Mención de serie Oeuvres de George Sand
505 8# - NOTA DE CONTENIDO CON FORMATO
Nota de contenido con formato En el t.II constan también las obras: Pauline; L'Orco (pp.169-284)
830 00 - PUNTO DE ACCESO ADICIONAL DE SERIE-TÍTULO UNIFORME
Título uniforme Collection Michel Lévy
9 (RLIN) 182425
830 0# - PUNTO DE ACCESO ADICIONAL DE SERIE-TÍTULO UNIFORME
Título uniforme Oeuvres de George Sand
9 (RLIN) 188465
852 ## - LOCALIZACIÓN
Ubicación ES-MaACL
Número de control de estantería G-14744
Nota libre -- Enc. hol.
-- -- 2 t. en 1 v.
Holdings
Estatus retirado Estado de pérdida Estado de daño No para préstamo Colección Biblioteca de origen Biblioteca actual Ubicación en estantería Fecha de adquisición Fuente de adquisición Total de préstamos Signatura topográfica completa Código de barras Visto por última vez Precio de reemplazo Tipo de ítem Koha
        Libros del s. XIX Biblioteca del Ateneo de Madrid Biblioteca del Ateneo de Madrid Sala Pecera Planta 3 17/01/2008     G-14744 1172628 23/02/2023 23/02/2023 Libro impreso antiguo